Old or New Testament Figures Quiz Stats

 Plays Quiz Updated Jul 31, 2016

Challenge
Share
Tweet
Embed
Score 0/20 Timer 01:30
4 Plays Today
Person (O)ld or (N)ew Testament % Correct
Bathsheba???
87.1%
Absalom???
87.1%
Joab???
86.7%
Andrew???
85.4%
Stephen???
83%
Terah???
82%
Caleb???
81.3%
Dinah???
79.6%
Barnabas???
77.8%
Hannah???
77.4%
Person (O)ld or (N)ew Testament % Correct
Miriam???
76.9%
Thaddeus???
75%
Matthias???
73.9%
Elizabeth???
71.9%
Nathan???
68.1%
Priscilla???
64.4%
Lydia???
59.9%
Cyrus???
59.7%
Joanna???
54%
Onesimus???
50.4%

You're not logged in!

Compare scores with friends on all Sporcle quizzes.
Join for Free
OR
Log In

You Might Also Like...

Show Comments

Extras

Top Quizzes Today


Score Distribution

Your Account Isn't Verified!

In order to create a playlist on Sporcle, you need to verify the email address you used during registration. Go to your Sporcle Settings to finish the process.

Report this User

Report this user for behavior that violates our Community Guidelines.

Details: